Score 0/20 Timer 04:00
1 Play Today
% Correct
The Drew Carey Show
84.3%
Pinky and the Brain
78%
Xena: Warrior Princess
76.5%
JAG
61.3%
Hercules: The Legendary Journeys
59.7%
Star Trek Voyager
41.9%
MadTV
40.5%
Caroline in the City
36.5%
Newsradio
34.8%
Wishbone
33.5%
% Correct
Goosebumps
21.4%
Cybill
20.9%
Real Sports with Bryant Gumbel
20.5%
Dr. Katz: Professional Therapist
19.9%
Singled Out
19.4%
Sliders
19%
Mr. Show with Bob and David
15.4%
WCW Monday Nitro
14.9%
Taxicab Confessions
14.3%
Baywatch Nights
11.1%
Remove Ads.
Support Sporcle.
Get the best of Sporcle when you Go Orange. This ad-free experience offers more features, more stats, and more fun while also helping to support Sporcle. Thank you for becoming a member.

You're not logged in!

Compare scores with friends on all Sporcle quizzes.
OR
Log In

Show Comments

Extras

Top Quizzes Today


Score Distribution

Your Account Isn't Verified!

In order to create a playlist on Sporcle, you need to verify the email address you used during registration. Go to your Sporcle Settings to finish the process.

Report this User

Report this user for behavior that violates our Community Guidelines.

Details: